Recuerdos de provincia. /

Guardado en:
Autor Principal: Sarmiento, Domingo Faustino
Formato: Libro
Publicado: Buenos Aires : Eudeba, 1963
Edición:3a. ed.
Series:Del Siglo y Medio, 13
Materias:
Etiquetas: Agregar Etiqueta
Sin Etiquetas, Sea el primero en etiquetar este registro!
LEADER 00741nam a22002295a 4500
001 CEM.cems005822
005 20060214000000.0
008 130507s1963##################000#0#####d
003 CEMS
082 0 4 |a A868.2 
100 1 |a Sarmiento, Domingo Faustino 
245 1 0 |a Recuerdos de provincia. / 
250 |a 3a. ed. 
260 |a Buenos Aires :  |b Eudeba,  |c 1963 
300 |a 239 p. 
490 0 |a Del Siglo y Medio, 13 
653 |a Cuento argentino (1827-1888) 
653 |a Literatura 
653 |a Literatura argentina 
859 |a CEMS  |b BIB. CEMS - 11 de abril  |h A868.2  |i Sa74-21a3  |p 9021.81  |t Ej.1 
859 |a CEMS  |b BIB. CEMS - 11 de abril  |h A868.2  |i Sa74-21a3  |p 9029.81  |t Ej.3 
859 |a CEMS  |b BIB. CEMS - 11 de abril  |h A868.2  |i Sa74-21a3  |p 9030.81  |t Ej.2